Lettres a Sophie Volland /

Saved in:
Bibliographic Details
Main Author: Diderot, Denis, 1713-1784
Other Authors: Babelon, André
Format: Book
Language:French
Published: Paris : Gallimard, 1938.
Subjects:
LEADER 01076nam a22002411 4500
001 c000368234
003 CARM
005 00000000000000.0
008 851113s1938 fr 00000afre d
019 1 |a 54239516  |z 47737723  |z 4235508  |z 58092235  |z 61016469  |5 LACONCORD2021 
035 |a (OCoLC)10959863  |5 LACONCORD2021 
100 1 |a Diderot, Denis,  |d 1713-1784. 
245 1 0 |a Lettres a Sophie Volland /  |c ecrites par D.Diderot. Textes publies d'apres les manuscrits orginaux avec une intro., des variantes et des notes par A.Babelon. 
260 |a Paris :  |b Gallimard,  |c 1938. 
300 |a 2 vol. 
600 1 0 |a Volland, Louise Harriette. 
700 1 |a Babelon, André. 
852 8 |b CARM  |h A1:AL26G0  |i B10115  |p 0449609  |f BK 
852 8 |b CARM  |h A1:AL26G0  |i B10115  |p 0449608  |f BK 
082 0 4 |a 840 
999 f f |i 8d8b5d3a-4622-50d1-82ec-9612ff479bb1  |s e8819687-cfd3-5ecf-96c8-4ded6a80c4c7 
952 f f |p Can circulate  |a CAVAL  |b CAVAL  |c CAVAL  |d CARM 1 Store  |e B10115  |f A1:AL26G0  |h Other scheme  |i book  |m 0449609 
952 f f |p Can circulate  |a CAVAL  |b CAVAL  |c CAVAL  |d CARM 1 Store  |e B10115  |f A1:AL26G0  |h Other scheme  |i book  |m 0449608